000 00899nab a2200229 i 4500
001 180825
003 ES-MaACL
005 20250904063109.0
008 120717s1913 sp 000 s spa d
040 _aES-MaACL
100 1 _aZurano Muñoz, Emilio,
_d1857-1943
_eaut
_9118522
245 1 3 _aEl empleado mercantil en el orden social y económico /
_cpor Emilio Zurano.
300 _aPáginas 32-38
594 _aPrecede al título: Conferencia en la Asociación General Española de Empleados Mercantiles
650 7 _aEmpleados de comercio
_2embne
_9147800
655 4 _aConferencias
_9234444
710 2 _aAsociación General Española de Empleados Mercantiles
_eisb
_9226962
773 0 _tLa Palabra : revista taquigráfica,
_xISSN 2479-7723
_gN. 23 (1 dic.1913), p. 32-38
_02879
_92987
_w2879
942 _cANAB
_2udc
_n0
999 _c180825
_d180825
955 _bPilar Fernández Vera